000
00251nam a2200109Ia 4500
008
240625s9999 xx 000 0 und d
041
_a
eng
082
_a
658.4038011 OZ
100
_a
OZ EFFY
245
_a
MANAGEMENT INFORMATION SYSTEMS
260
_c
2009
999
_c
38468
_d
38468